Vous avez les répliques, trouvez les films! - Statistiques

Statistiques générales
  • Ce quiz a été pris 287 fois
    241 depuis la dernière actualisation
  • Le résultat moyen est 10 sur 30
Statistiques - réponses
Hint Réponse % Correct
La vie, c'est comme une boîte de chocolats : on ne sait jamais sur quoi on va tomber Forrest Gump
90%
Il s’appelle Juste Leblanc Le dîner de cons
88%
Pas de bras, pas de chocolat Intouchables
76%
L'ennemi est dangereux Maverick, mais toi, t'es pire que l'ennemi... tu es dangereux et con ! Top Gun
73%
Spartiates ! Mangez avec appétit, car ce soir, nous dînerons en enfer ! 300
60%
Thérèse n'est pas moche, elle n'a pas un physique facile, c'est différent Le Père Noël est une ordure
57%
Adrienne ! Rocky
56%
Vous avez de la pâte ? Vous avez du sucre ? Avec la pâte, vous faites une crêpe et vous mettez du sucre dessus ! Les bronzés font du ski
47%
Tu vois, le monde se divise en deux catégories: ceux qui ont un pistolet chargé et ceux qui creusent. Toi tu creuses. Le bon, la brute et le truand
46%
J'adore l'odeur du napalm au petit matin Apocalypse Now
40%
J'ai dégusté son foie avec des fèves au beurre, et un excellent chianti. Le Silence des agneaux
40%
Je vois des gens qui sont morts Le Sixième Sens
40%
C'est à moi que tu parles? Taxi Driver
39%
Je reviendrai Terminator
37%
Je vais lui faire une offre qu'il ne refusera pas Le Parrain
34%
Yippie-ki-yay, motherf...cker ! Piège de Cristal
27%
Voici vos noms: Mr. Brown, Mr. White, Mr. Blonde, Mr. Blue, Mr. Orange et Mr. Pink. - Hey ! Pourquoi c'est moi Mr Pink ? - Parce que t'es qu'une pédale, voila pourquoi ! Reservoir Dogs
26%
En ville, tu fais la loi. Ici, c'est moi. Alors fais pas chier. Fais pas chier ou je te ferai une guerre comme t'en as jamais vue Rambo
24%
Il nous faudrait un bateau plus gros. Les Dents de la Mer
18%
Coucou, chérie ! Shining
16%
Je suis trop vieux pour ces conneries L'Arme Fatale
15%
C'est à une demi-heure d'ici. J'y suis dans dix minutes Pulp Fiction
12%
J'ai rencontré trois gabardines qui attendaient un train. Dans les gabardines se trouvaient trois hommes. Dans ces hommes se trouvent trois balles. Il était une fois dans l'ouest
10%
La différence entre toi et moi, c'est que moi, j'ai la classe. Men In Black
10%
Joyeux anniversaire Jésus Full Metal Jacket
9%
Dis moi Patrick à quoi ça sert ce truc là ? - À quoi ça sert ? À rien, il est con celui-là, c’est de l’art… La vérité si je mens !
9%
Vas-y, fais-moi plaisir ! L’inspecteur Harry
7%
On est venu, on a vu et il l'a eu dans le cul ! SOS Fantômes
7%
On se serait shooté à la vitamine C si cela avait été illégal… Trainspotting
7%
Avec ton faciès d’orang-outang t’es une pub vivante pour capote anglaise. Le Maitre de Guerre
2%
Aucun quiz correspondant
Distribution des résultats
% des personnes avec chaque résultat
Percentile par nombre de réponses
Votre historique - résultats
Vous n’avez pas pris ce quiz depuis la dernière actualisation